| 000 | 00640nam a22002177a 4500 | ||
|---|---|---|---|
| 003 | OSt | ||
| 005 | 20220107122725.0 | ||
| 008 | 131022b xxu||||| |||| 00| 0 eng d | ||
| 020 | _a9788177585605 | ||
| 040 | _cIIITM-K | ||
| 082 | _a006.454 RAB/F | ||
| 100 |
_aRabiner, Lawrence _92555 |
||
| 245 |
_aFundamentals of speech recognition _cby Lawrence Rabiner, Biing-Hwang Juang,B Yegnanarayana |
||
| 260 |
_aNew Delhi, _bPearson, _c2009. |
||
| 300 | _axxix, 497p. | ||
| 650 |
_aSPEECH RECOGNITION _92556 |
||
| 650 |
_aSIGNAL PROCESSING _92557 |
||
| 700 |
_aJuang, Biing-Hwang _92558 |
||
| 700 |
_aYegnanarayana, B _92559 |
||
| 942 |
_2ddc _cBK |
||
| 999 |
_c3414 _d3414 |
||